000 00273nam a2200121Ia 4500
008 190216s9999||||xx |||||||||||||| ||und||
100 _aDr.Mambar Shadani
245 0 _aHindi-Nakma Ye Katham
260 _bKavitha Prakasan
300 _a80
650 _aHindi
942 _cBK
999 _c16165
_d16165